We're having a super baby / (Record no. 9843)

MARC details
000 -LEADER
fixed length control field 01282nam a22002657a 4500
001 - CONTROL NUMBER
control field 9843
003 - CONTROL NUMBER IDENTIFIER
control field FISKH
005 - DATE AND TIME OF LATEST TRANSACTION
control field 20260304121618.0
008 - FIXED-LENGTH DATA ELEMENTS--GENERAL INFORMATION
fixed length control field 260304b cb ||||| |||| 00| 0 eng d
020 ## - INTERNATIONAL STANDARD BOOK NUMBER
International Standard Book Number 9781407145624
040 ## - CATALOGING SOURCE
Original cataloging agency FISKH
Language of cataloging eng
Transcribing agency FISKH
Modifying agency FISKH
082 ## - DEWEY DECIMAL CLASSIFICATION NUMBER
Classification number 823.92
100 ## - MAIN ENTRY--PERSONAL NAME
Personal name Longstaff , Abie
245 ## - TITLE STATEMENT
Title We're having a super baby /
Statement of responsibility, etc. Written by Abie Longstaff : Illustrated by Jane Massey
250 ## - EDITION STATEMENT
Edition statement First published in 2015
260 ## - PUBLICATION, DISTRIBUTION, ETC.
Place of publication, distribution, etc. New York :
Name of publisher, distributor, etc. Scholastic ,
Date of publication, distribution, etc. 2015 .
300 ## - PHYSICAL DESCRIPTION
Extent 31 unnumbered pages :
Other physical details color illustrations ;
Dimensions 27 cm .
505 ## - FORMATTED CONTENTS NOTE
Formatted contents note F <br/>
520 ## - SUMMARY, ETC.
Summary, etc. PICTURE STORYBOOKS. A little boy excitedly awaits the birth of a new sibling. He can't wait to play with the baby. But when his little sister arrives he is disappointed to find that she doesn't do much at first. But he knows that she's going to be special - he just has wait. Sure enough, one day he discovers that she isn't just special - she's SUPER! This warm and funny celebration of the special bond between a brother and sister is the perfect picture book for parents to share with expectant siblings. Ages 0+<br/>
521 8# - TARGET AUDIENCE NOTE
Target audience note 300 <br/>
Source Lexile BR <br/>
521 8# - TARGET AUDIENCE NOTE
Target audience note F <br/>
Source Raz-Plus <br/>
700 ## - ADDED ENTRY--PERSONAL NAME
Personal name Massey , JAne
Relator term Illustrator
942 ## - ADDED ENTRY ELEMENTS (KOHA)
Source of classification or shelving scheme Dewey Decimal Classification
Koha item type Books
Suppress in OPAC No
Holdings
Withdrawn status Lost status Source of classification or shelving scheme Damaged status Not for loan Collection Home library Current library Shelving location Date acquired Total Checkouts Full call number Barcode Date last seen Date last checked out Price effective from Koha item type
    Dewey Decimal Classification     Juvenile Fiction Footprints International School Library Network Toul Tom Poung Campus Footprints International School Library Network Toul Tom Poung Campus TTP Primary Green Bookshelves 03/04/2026 1 LON 823.92 2026-0289 04/10/2026 04/07/2026 03/04/2026 Books